00602cam a2200193Ia 4500020001500000040000800015041000800023082002600031100001500057245001900072300004600091490002900137500010600166650001200272650001200284650001200296650002100308710007900329 a0333538501 cVXG1 hfre aCTA FOO 1992 C077 Or.1 aBorget, M.10aFood legumes / aviii, 103 pages :billustrations ;c22 cm1 aTropical agriculturalist a"Original French edition published in 1989 under the title Les legumineuses vivriЎres"--T.p. verso 0aLegumes 0aLegumes 0aLegumes 0aLegumes as food.2 aTechnical Centre for Agricultural and Rural Cooperation (Ede, Netherlands)